000 00895nas a2200301 4500
001 BR2015004877
003 BR-BrBNA
005 20231205125634.0
007 ta
008 230509b bl.|||p| |||| 00| 00por d
040 _aBR-BrBNA
_bpor
_cBiblioteca Nacional de Agricultura
041 _a(Pt)
072 _aL70; L74
100 1 _aLima, W.C.
100 1 _aLima, D.A.S.D.
100 1 _aRodrigues, M.C.
100 1 _aQuessada, A.M.
100 1 _aÚltimo, A.P.
100 1 _aPinheiro, B.C.
245 1 _aProlapso retal em cutia (Dasyprocta aguti)- Relato de caso
650 _aCUTIA
650 _aCIRURGIA
650 _aVETERINÁRIA
650 _aDISTÚRBIO FISIOLÓGICO
773 0 _tRevista Brasileira de Medicina Veterinária (Brazil)
_xISSN 0100-2430
_g(Oct-Dec 2014), v. 36(4) p. 409-411
_wBR2015004877
909 _a202311
_bLúcia
_c55
_dLúcia Elande
942 _2AGRIS
_n0
_cANA
999 _c245320
_d245320